[Event "Lansing (MI Op/6/23)"]
[Site "?"]
[Date "1997.??.??"]
[Round "?"]
[White "Martell, Raul"]
[Black "Zubatch, Steve"]
[Result "0-1"]
[WhiteElo "1840"]
[BlackElo "1865"]
[PlyCount "104"]
[EventDate "1997.??.??"]

{6/(23)} 1. e4 g6 2. d4 Bg7 3. Be3 d6 4. Nc3 Nf6 5. h3 O-O 6. f4 e5 7. fxe5
dxe5 8. d5 c6 9. dxc6 Nxc6 10. Bc4 Qa5 11. Bd2 Qb4 12. b3 Bh6 13. Nf3 Rd8 14.
Nd5 Bxd2+ 15. Qxd2 Qxd2+ 16. Nxd2 Nxd5 17. Bxd5 Nb4 18. O-O-O Nxd5 19. Nf3 Be6
20. exd5 Rxd5 21. Rde1 f6 22. c4 Rc8 23. Nd2 b5 24. Ne4 Kf7 25. c5 Bf5 26. Rhf1
Bxe4 27. Rxe4 Rcxc5+ 28. Kb1 Rd2 29. g4 Rcc2 30. Rxe5 Rb2+ 31. Kc1 Rdc2+ 32.
Kd1 Rh2 33. Rc5 Rb1+ 34. Rc1 Rxc1+ 35. Kxc1 Rxa2 36. Kb1 Rh2 37. Rf3 h6 38. Rc3
Re2 39. Rc7+ Re7 40. Rc5 a6 41. Rc6 Ra7 42. Rc8 g5 43. Rh8 Kg7 44. Re8 Rd7 45.
Ra8 Rd3 46. Kc2 Rxh3 47. Rxa6 Rg3 48. Rb6 Rxg4 49. Rxb5 h5 50. Rc5 h4 51. Kc3
h3 52. Rf5 h2 0-1

[Event "Lansing (MI Op/2/23)"]
[Site "?"]
[Date "1997.??.??"]
[Round "?"]
[White "Martell, Raul"]
[Black "Townsend, Paul"]
[Result "1/2-1/2"]
[WhiteElo "1840"]
[BlackElo "1965"]
[PlyCount "111"]
[EventDate "1997.??.??"]

{2/(23)} 1. e4 e6 2. d4 b6 3. Bd3 Nf6 4. Bf4 Bb7 5. Nd2 c5 6. c3 cxd4 7. cxd4
Bb4 8. f3 Nc6 9. Ne2 d6 10. a3 Bxd2+ 11. Qxd2 O-O 12. O-O e5 13. dxe5 dxe5 14.
Be3 Rc8 15. Rfd1 Qe7 16. Ng3 Na5 17. Nf5 Qe6 18. Qf2 Kh8 19. Qh4 Nc6 20. Ba6
Bxa6 21. Rd6 Qe8 22. Rxf6 g6 23. Nd6 Qd7 24. Bh6 Nd4 25. Nxc8 Rxc8 26. Rxb6
Nxf3+ 27. gxf3 Qd4+ 28. Qf2 Qxf2+ 29. Kxf2 axb6 30. b4 f6 31. Rc1 Rxc1 32. Bxc1
Kg7 33. a4 Bc4 34. Be3 Bb3 35. Bxb6 Bxa4 36. Bc7 Kf7 37. Ke3 g5 38. Bb6 h5 39.
Kd3 Bb5+ 40. Ke3 Ke6 41. Bd8 Bc4 42. Kf2 g4 43. fxg4 hxg4 44. Kg3 Bd3 45. Kxg4
Bxe4 46. b5 f5+ 47. Kg3 f4+ 48. Kf2 Kf5 49. Bc7 Bd5 50. h4 e4 51. b6 e3+ 52.
Ke2 Ke4 53. Bxf4 Kxf4 54. h5 Kg5 55. h6 Kxh6 56. b7 1/2-1/2

[Event "Kalamazoo (MI Am/2/3)"]
[Site "?"]
[Date "1997.??.??"]
[Round "?"]
[White "Martell, Raul"]
[Black "Skidmore, Mike"]
[Result "1/2-1/2"]
[WhiteElo "1665"]
[BlackElo "1950"]
[PlyCount "99"]
[EventDate "1997.??.??"]

{2/(3)} 1. e4 c6 2. d4 d5 3. e5 Bf5 4. Bd3 Bxd3 5. Qxd3 e6 6. f4 Nh6 7. Nf3 Nd7
8. O-O Be7 9. Be3 Nf5 10. Nbd2 Nxe3 11. Qxe3 c5 12. c3 cxd4 13. cxd4 O-O 14.
Kh1 Qb6 15. Qb3 Rac8 16. Qxb6 Nxb6 17. Rac1 Na4 18. b3 Nb2 19. g3 Nd3 20. Rb1
Rc2 21. a3 Bxa3 22. Kg1 Bb4 23. Rfd1 Rfc8 24. Nf1 Nb2 25. Ne1 Re2 26. Rdc1 Rxc1
27. Rxc1 Rxe1 28. Rc7 g6 29. Rxb7 a5 30. Kg2 Rd1 31. Ne3 Rxd4 32. Ng4 Rd2+ 33.
Kh3 Bf8 34. Kh4 h5 35. Nf6+ Kg7 36. Kg5 Nd3 37. Ne8+ Kg8 38. Kf6 Nc5 39. Rxf7
Ne4+ 40. Kxg6 h4 41. Nf6+ Nxf6 42. exf6 Rxh2 43. Rh7 Bh6 44. f7+ Kf8 45. Kf6
Bg5+ 46. fxg5 Rf2+ 47. Kxe6 hxg3 48. g6 Re2+ 49. Kd6 Rf2 50. Ke6 1/2-1/2

[Event "Kalamazoo (MI Am/4/19)"]
[Site "?"]
[Date "1997.??.??"]
[Round "?"]
[White "Martell, Raul"]
[Black "Miller, Doug"]
[Result "1-0"]
[WhiteElo "1665"]
[BlackElo "1605"]
[PlyCount "55"]
[EventDate "1997.??.??"]

{4/(19)} 1. e4 c5 2. Nf3 Nc6 3. d4 cxd4 4. Nxd4 Nf6 5. Nc3 e5 6. Ndb5 a6 7.
Nd6+ Bxd6 8. Qxd6 Qe7 9. Qxe7+ Nxe7 10. Bg5 O-O 11. Bc4 b5 12. Bb3 Nc6 13. Bxf6
gxf6 14. Nd5 Kg7 15. c3 Na5 16. Bc2 Bb7 17. Ne3 Nc4 18. Nf5+ Kh8 19. O-O-O Rfd8
20. b3 Nb6 21. Nd6 Bc6 22. Nxf7+ Kg7 23. Nxd8 Rxd8 24. Rhf1 a5 25. f4 a4 26.
fxe5 fxe5 27. Rf5 d6 28. Rxe5 1-0

[Event "Lansing (MI Op/3/22)"]
[Site "?"]
[Date "1997.??.??"]
[Round "?"]
[White "Martell, Raul"]
[Black "Ashton, Jeff"]
[Result "1-0"]
[WhiteElo "1840"]
[BlackElo "2135"]
[PlyCount "77"]
[EventDate "1997.??.??"]

{3/(22)} 1. e4 c5 2. Nf3 Nc6 3. d4 cxd4 4. Nxd4 g6 5. Nc3 Bg7 6. Be3 Nf6 7. Bc4
O-O 8. O-O d6 9. h3 Bd7 10. Qd2 Rc8 11. Bb3 Na5 12. f4 Nc4 13. Bxc4 Rxc4 14.
Qd3 Qc8 15. Rf3 a6 16. e5 Nh5 17. Nd5 Re8 18. Nb6 Rxd4 19. Bxd4 Qd8 20. g4 Nxf4
21. Rxf4 dxe5 22. Bc5 exf4 23. Qxd7 Qb8 24. Re1 f3 25. Bf2 Bxb2 26. Qd5 Qf4 27.
Re3 Bd4 28. Rxf3 Bxf2+ 29. Rxf2 Qg3+ 30. Qg2 Qe5 31. Nd5 Rd8 32. c4 e6 33. Nf6+
Kg7 34. Qf3 Rh8 35. Kg2 Qe1 36. Qxb7 Rd8 37. Qe7 Rd1 38. Ne8+ Kh6 39. g5+ 1-0

[Event "Lansing (MOR/5/2)"]
[Site "?"]
[Date "1997.??.??"]
[Round "?"]
[White "Marson, Michael"]
[Black "McGrath, Michael"]
[Result "0-1"]
[WhiteElo "1795"]
[BlackElo "1700"]
[PlyCount "117"]
[EventDate "1997.??.??"]

{5/(2)} 1. d4 d5 2. c4 c6 3. Nf3 Bg4 4. Ne5 Bh5 5. Qb3 Qb6 6. Qxb6 axb6 7. cxd5
cxd5 8. g4 Bg6 9. Bg2 e6 10. Nxg6 hxg6 11. Nc3 Nc6 12. Nb5 Bb4+ 13. Bd2 Bxd2+
14. Kxd2 Kd7 15. e4 dxe4 16. Bxe4 Nf6 17. f3 Ra5 18. a4 Rha8 19. b3 g5 20. h4
gxh4 21. Rxh4 Rxb5 22. axb5 Rxa1 23. bxc6+ bxc6 24. Rh8 Ra2+ 25. Kd3 Nxe4 26.
Kxe4 Rb2 27. Rh7 Rxb3 28. Rxg7 Ke7 29. g5 Kf8 30. Rh7 b5 31. f4 b4 32. Ke5 Kg8
33. g6 fxg6 34. Rc7 Rc3 35. Kf6 b3 36. Kxg6 Kf8 37. Kf6 Ke8 38. Kxe6 Kd8 39.
Kd6 b2 40. Rb7 Kc8 41. Rxb2 Rc4 42. Rd2 Kd8 43. f5 Ke8 44. Ke6 Kf8 45. f6 Rc1
46. Rf2 Rd1 47. Rf4 Re1+ 48. Kd6 Rc1 49. f7 Rc2 50. Rf6 Rc1 51. Rf5 Ra1 52. Rf4
Rc1 53. Kd7 Rc4 54. Kc7 c5 55. dxc5 Rxf4 56. c6 Kxf7 57. Kc8 Ke7 58. c7 Rc4 59.
Kb8 0-1

[Event "Lansing (MOR/3/1)"]
[Site "?"]
[Date "1997.??.??"]
[Round "?"]
[White "Marson, Michael"]
[Black "Grzegorczyk, Ron"]
[Result "1/2-1/2"]
[WhiteElo "1795"]
[BlackElo "1610"]
[PlyCount "60"]
[EventDate "1997.??.??"]

{3/(1)} 1. d4 d5 2. c4 c6 3. Nf3 Nf6 4. Nc3 e6 5. Bg5 Be7 6. e3 Nbd7 7. Bd3 O-O
8. O-O Ne8 9. Bxe7 Qxe7 10. e4 dxe4 11. Nxe4 Ndf6 12. Re1 g6 13. Qd2 Kg7 14.
Re2 Nxe4 15. Bxe4 Nf6 16. Rae1 Qc7 17. b4 Rb8 18. Qg5 b6 19. d5 cxd5 20. cxd5
Bb7 21. Bxg6 hxg6 22. dxe6 Bxf3 23. gxf3 fxe6 24. Rxe6 Rf7 25. f4 Qc2 26. Rxf6
Rxf6 27. Re7+ Rf7 28. Qe5+ Kf8 29. Rxf7+ Kxf7 30. Qxb8 Qd1+ 1/2-1/2

[Event "Lansing (MI Op/4/11)"]
[Site "?"]
[Date "1997.??.??"]
[Round "?"]
[White "Marshall, Larry"]
[Black "Mankiewicz, Ryan"]
[Result "0-1"]
[WhiteElo "1855"]
[BlackElo "2020"]
[PlyCount "92"]
[EventDate "1997.??.??"]

{4/(11)} 1. e4 e6 2. d4 d5 3. e5 c5 4. c3 Nc6 5. Nf3 Nge7 6. Be2 Ng6 7. O-O Be7
8. b3 O-O 9. Ba3 cxd4 10. Bxe7 Qxe7 11. cxd4 Nf4 12. Nc3 Nxe2+ 13. Qxe2 Qb4 14.
Qd3 f6 15. Nb5 fxe5 16. Nxe5 Nxe5 17. dxe5 Qf4 18. Qd4 Qxd4 19. Nxd4 Bd7 20.
Rac1 Rac8 21. g3 Kf7 22. f4 Ke7 23. g4 g6 24. Kg2 Rxc1 25. Rxc1 Rxf4 26. Ne2
Rxg4+ 27. Kf3 Rg5 28. Rc7 Rf5+ 29. Kg4 Rxe5 30. Nc3 d4 31. Na4 d3 32. Kf4 d2
33. Nc3 Re1 34. Rxb7 Rc1 35. Ke3 Rxc3+ 36. Kxd2 Rh3 37. Rxa7 Rxh2+ 38. Kc3 Kd6
39. a4 e5 40. a5 Rh3+ 41. Kb2 Be6 42. Ra6+ Ke7 43. Rb6 Rxb3+ 44. Rxb3 Bxb3 45.
Kxb3 Kd6 46. Kc4 Kc6 0-1

[Event "Lansing (MI Op/3/20)"]
[Site "?"]
[Date "1997.??.??"]
[Round "?"]
[White "Marshall, Larry"]
[Black "Garrison, Ray"]
[Result "1-0"]
[WhiteElo "1855"]
[BlackElo "1965"]
[PlyCount "22"]
[EventDate "1997.??.??"]

{3/(20)} 1. e4 e5 2. Bc4 Nf6 3. d3 c6 4. Nc3 d5 5. exd5 cxd5 6. Bb3 Bc5 7. Nf3
Nc6 8. O-O Bg4 9. Bg5 Ne7 10. h3 Bh5 11. Bxf6 gxf6 {[Remainder illegible]} 1-0

[Event "Lansing (MI Op/7/5)"]
[Site "?"]
[Date "1997.??.??"]
[Round "?"]
[White "Mankiewicz, Ryan"]
[Black "Thompson, Dexter"]
[Result "0-1"]
[WhiteElo "2020"]
[BlackElo "2200"]
[PlyCount "92"]
[EventDate "1997.??.??"]

{7/(5)} 1. c4 g5 2. Nc3 Bg7 3. g3 c5 4. Bg2 Nc6 5. d3 h6 6. Nf3 Nf6 7. O-O d6
8. a3 Rb8 9. Rb1 a5 10. Bd2 O-O 11. Nb5 Bf5 12. b4 axb4 13. axb4 cxb4 14. Bxb4
d5 15. Nd2 dxc4 16. Nxc4 Nxb4 17. Rxb4 Nd5 18. Rb1 Bc8 19. Qa4 e6 20. Qa7 Bd7
21. Nbd6 b5 22. Nb7 Qc7 23. Bxd5 exd5 24. Ncd6 Rxb7 25. Nxb7 Rb8 26. Rfc1 Qxb7
27. Rc7 Qxa7 28. Rxa7 Be6 29. Kf1 Bc3 30. e3 Bg4 31. Ra3 d4 32. exd4 Bxd4 33.
Ra4 Bh3+ 34. Kg1 Bg7 35. g4 Bf8 36. Re4 b4 37. f3 Bc5+ 38. d4 f5 39. dxc5 fxe4
40. fxe4 Bxg4 41. Kf2 b3 42. Ke3 Kf7 43. Kd3 b2 44. Kc2 Bf3 45. Rxb2 Bxe4+ 46.
Kc1 Rxb2 0-1

[Event "Lansing (MI Op/1a/11)"]
[Site "?"]
[Date "1997.??.??"]
[Round "?"]
[White "Mankiewicz, Ryan"]
[Black "Martell, Raul"]
[Result "1-0"]
[WhiteElo "2020"]
[BlackElo "1840"]
[PlyCount "63"]
[EventDate "1997.??.??"]

1. c4 e5 2. Nc3 Nf6 3. g3 d5 4. cxd5 Nxd5 5. Bg2 Nxc3 6. dxc3 Qxd1+ 7. Kxd1 c6
8. Kc2 Be6 9. f4 Nd7 10. e4 f6 11. Be3 b6 12. Nf3 O-O-O 13. Nd2 Bc5 14. Bxc5
Nxc5 15. Nb3 Nxb3 16. axb3 Rd7 17. Rhd1 Rhd8 18. Rxd7 Rxd7 19. f5 Bf7 20. Bf3
Kb7 21. g4 c5 22. Be2 Rd8 23. h4 g6 24. g5 Rd6 25. Rf1 fxg5 26. hxg5 a6 27. Rh1
Bg8 28. Bc4 Bxc4 29. Rxh7+ Kc6 30. bxc4 gxf5 31. exf5 e4 32. Rh6 1-0

[Event "Lansing (MI Op/6/6)"]
[Site "?"]
[Date "1997.??.??"]
[Round "?"]
[White "Mankiewicz, Ryan"]
[Black "Fischvogt, Eric"]
[Result "1/2-1/2"]
[WhiteElo "2020"]
[BlackElo "2200"]
[PlyCount "87"]
[EventDate "1997.??.??"]

{6/(6)} 1. c4 Nf6 2. Nc3 c5 3. g3 d5 4. cxd5 Nxd5 5. Bg2 Nc7 6. b3 e5 7. Bb2
Nc6 8. Rc1 Bd7 9. Nf3 f6 10. O-O Be7 11. e3 Bg4 12. h3 Be6 13. Ne2 Qd7 14. Kh2
Nb4 15. d4 exd4 16. exd4 Nxa2 17. Ra1 Nb4 18. Nf4 O-O 19. Nxe6 Nxe6 20. dxc5
Qxd1 21. Rfxd1 Nxc5 22. Nd4 Ncd3 23. Ba3 Rfe8 24. Bxb4 Nxb4 25. Bxb7 Rab8 26.
Bf3 Bc5 27. Rac1 Re5 28. Rc4 Rb6 29. Kg2 Ra6 30. Nc2 Ra2 31. Rxc5 Nxc2 32. Rxe5
fxe5 33. Kf1 Kf8 34. Rc1 Ke7 35. Be4 Ra1 36. Rxa1 Nxa1 37. b4 h6 38. Ke2 Nb3
39. Kd3 Kd6 40. Kc3 Nd4 41. Kc4 Ne2 42. b5 Nd4 43. Kb4 Ne6 44. Kc4 1/2-1/2

[Event "Lansing (MI Op/3/15)"]
[Site "?"]
[Date "1997.??.??"]
[Round "?"]
[White "Mankiewicz, Ryan"]
[Black "Evans Sr., Thomas"]
[Result "1-0"]
[WhiteElo "2020"]
[BlackElo "1905"]
[PlyCount "120"]
[EventDate "1997.??.??"]

{3/(15)} 1. c4 e5 2. Nc3 Nf6 3. g3 c6 4. Bg2 d5 5. cxd5 cxd5 6. Qb3 e4 7. e3 b6
8. d3 Bb7 9. dxe4 dxe4 10. Qc4 Qe7 11. Nge2 Nbd7 12. O-O Ne5 13. Qa4+ Bc6 14.
Qc2 Nf3+ 15. Kh1 Qc5 16. Nf4 Bd6 17. Rd1 O-O 18. Qe2 Bxf4 19. exf4 Qh5 20. h4
Qg4 21. Rd6 Bb7 22. Rxf6 gxf6 23. Nxe4 Bxe4 24. Qxe4 Nxh4 25. gxh4 Rae8 26. Qb4
a5 27. Qc3 Qxh4+ 28. Kg1 Rc8 29. Qg3+ Qxg3 30. fxg3 Rfd8 31. Be3 Rd3 32. Bxb6
Rxg3 33. Kh2 Rg4 34. Kh3 f5 35. Bxa5 Rc2 36. Bf3 Rxf4 37. Kg3 Ra4 38. Bd1 f4+
39. Kf3 Rxa5 40. Bxc2 Rb5 41. b3 Rc5 42. Rc1 Kg7 43. Kxf4 Kf6 44. Ke4 h5 45.
Kd4 Rc8 46. Rf1+ Kg5 47. Be4 Rc7 48. a4 h4 49. a5 Kg4 50. a6 Rd7+ 51. Kc5 Kg3
52. b4 h3 53. b5 Re7 54. Bh1 Re5+ 55. Kb6 Re6+ 56. Bc6 h2 57. a7 f5 58. a8=Q
Re2 59. Qa3+ Kh4 60. Qf3 Re6 1-0

[Event "Michigan Senior"]
[Site "Ann Arbor, MI"]
[Date "1997.??.??"]
[Round "1.11"]
[White "Mailing, Don"]
[Black "Schell, Ken"]
[Result "0-1"]
[WhiteElo "1605"]
[BlackElo "1705"]
[PlyCount "94"]
[EventDate "1997.??.??"]

{1/(11)} 1. e4 d5 2. exd5 Nf6 3. Nc3 Nxd5 4. Nxd5 Qxd5 5. Nf3 Bg4 6. Be2 e5 7.
d3 Nc6 8. O-O O-O-O 9. c4 Qd6 10. Be3 Be7 11. Ng5 Bxe2 12. Qxe2 Bxg5 13. Bxg5
f6 14. Be3 Qxd3 15. Qxd3 Rxd3 16. h3 Rhd8 17. a3 Nd4 18. Bxd4 R8xd4 19. Rfc1
Rd2 20. Rab1 Re2 21. b3 Rdd2 22. Rf1 Rb2 23. b4 Rbc2 24. c5 e4 25. Rbc1 Rcd2
26. Rce1 Rxe1 27. Rxe1 f5 28. Kf1 g5 29. g4 fxg4 30. hxg4 Rd4 31. Re3 Kd7 32.
Kg2 Ke6 33. Rh3 Rd7 34. Kf1 Ke5 35. Ke2 Kf4 36. Rg3 Rd3 37. Rxd3 exd3+ 38. Kxd3
Kxg4 39. Ke2 h5 40. f3+ Kg3 41. a4 h4 42. a5 h3 43. f4 gxf4 44. b5 h2 45. b6
axb6 46. c6 h1=Q 47. a6 bxa6 0-1

[Event "Michigan Senior"]
[Site "Ann Arbor, MI"]
[Date "1997.??.??"]
[Round "2.14"]
[White "Mailing, Don"]
[Black "Iyer, Krishnan"]
[Result "0-1"]
[WhiteElo "1605"]
[BlackElo "1605"]
[PlyCount "120"]
[EventDate "1997.??.??"]

{2/(14)} 1. e4 e6 2. d4 d5 3. Nc3 Bb4 4. Bd2 Nf6 5. e5 Nfd7 6. Nf3 c5 7. a3 Ba5
8. Bb5 cxd4 9. Nxd4 a6 10. Bxd7+ Nxd7 11. O-O Nxe5 12. Nf3 Nc4 13. b4 Nxd2 14.
Qxd2 Bc7 15. Rfe1 O-O 16. Ne2 Qd6 17. Ng3 e5 18. Nxe5 f6 19. Nf3 Kh8 20. Rad1
Rd8 21. Qxd5 Qxd5 22. Rxd5 Bg4 23. Rxd8+ Rxd8 24. Nd4 h6 25. c3 Bb6 26. h3 Bc8
27. Re7 Kh7 28. Ngf5 Rd7 29. Re8 Rc7 30. Re7 Rxc3 31. Rxg7+ Kh8 32. Re7 Bc7 33.
Ng3 Rc1+ 34. Nf1 Be5 35. Nf3 Bf5 36. Nxe5 fxe5 37. Re8+ Kg7 38. Rd8 Ra1 39. f3
e4 40. fxe4 Bxe4 41. Rd2 Bc6 42. Rf2 Rxa3 43. Kh2 Rb3 44. Rf4 h5 45. Ng3 Rb2
46. Nf5+ Kh8 47. Nh4 Kh7 48. Rf7+ Kh6 49. Rf6+ Kg5 50. Rxc6 bxc6 51. Nf3+ Kf6
52. Nd4 Rxb4 53. Nxc6 Rb5 54. h4 a5 55. g3 Rc5 56. Nd4 a4 57. Kh3 a3 58. Nb3
Rc3 59. Nd2 a2 60. Ne4+ Ke5 0-1

[Event "Tecumseh (RVO/1/22)"]
[Site "?"]
[Date "1997.??.??"]
[Round "?"]
[White "Mahaffy, Mike"]
[Black "Jamssens, D."]
[Result "0-1"]
[WhiteElo "1605"]
[BlackElo "1605"]
[PlyCount "60"]
[EventDate "1997.??.??"]

{1/(22)} 1. d4 Nf6 2. c4 e6 3. Nf3 b6 4. Nc3 Bb4 5. Bd2 Bb7 6. a3 Bxc3 7. Bxc3
O-O 8. g3 Ne4 9. d5 Nxc3 10. bxc3 Qf6 11. Rc1 exd5 12. cxd5 Qd6 13. c4 Qxa3 14.
Bg2 Qb4+ 15. Nd2 d6 16. O-O Nd7 17. Bh3 Nc5 18. Rb1 Qc3 19. Bf5 Rfe8 20. Bc2
Ba6 21. Qc1 Qe5 22. Rd1 Qxe2 23. Re1 Qg4 24. Rxe8+ Rxe8 25. Kg2 Qe2 26. Nb3
Bxc4 27. Nxc5 Bxd5+ 28. Ne4 Bxe4+ 29. Bxe4 Qxe4+ 30. Kf1 Qh1# 0-1

[Event "Tecumseh (RVO/4/20)"]
[Site "?"]
[Date "1997.??.??"]
[Round "?"]
[White "Mahaffy, Mike"]
[Black "Jackson, T."]
[Result "1-0"]
[WhiteElo "1605"]
[BlackElo "1605"]
[PlyCount "83"]
[EventDate "1997.??.??"]

{4/(20)} 1. d4 c6 2. c4 Qa5+ 3. Bd2 Qb6 4. Bc3 d6 5. Nf3 Nf6 6. e3 Ne4 7. Bd3
Nxc3 8. bxc3 Bg4 9. Nbd2 Qa5 10. Qb3 Qc7 11. O-O g6 12. Rab1 Bc8 13. Ng5 Bg7
14. c5 d5 15. c4 O-O 16. cxd5 cxd5 17. Qxd5 h6 18. Ngf3 Be6 19. Qxb7 Qxb7 20.
Rxb7 Bxa2 21. Be4 f5 22. Bb1 Bxb1 23. Rfxb1 Re8 24. Nh4 Kh7 25. h3 Bf6 26. Ndf3
a5 27. R1b2 Nc6 28. Ra2 Nb4 29. Ra4 Reb8 30. Rxb8 Rxb8 31. Rxa5 Kg7 32. Ra3 Kf7
33. Rb3 Ke6 34. Nxg6 Kd5 35. Nf4+ Kc4 36. Nd2+ Kb5 37. Nd5 Ka4 38. Rxb4+ Rxb4
39. Nxb4 Kxb4 40. c6 e5 41. c7 exd4 42. exd4 1-0

[Event "Tecumseh (RVO/5/17)"]
[Site "?"]
[Date "1997.??.??"]
[Round "?"]
[White "Mahaffy, Mike"]
[Black "Frantz, John W"]
[Result "1-0"]
[WhiteElo "1605"]
[BlackElo "1605"]
[PlyCount "43"]
[EventDate "1997.??.??"]

{5/(17)} 1. d4 g6 2. c4 Bg7 3. Nf3 c5 4. Nc3 b6 5. g3 Bb7 6. Bg2 Bxd4 7. Nb5
Bxf3 8. Bxf3 Nc6 9. Bf4 d6 10. Bxc6+ Kf8 11. Bxa8 Qxa8 12. O-O a6 13. Qa4 Qc8
14. Na7 Qb7 15. Nc6 b5 16. cxb5 axb5 17. Qc2 e5 18. Bg5 f6 19. Bd2 Ke8 20. Rac1
Kd7 21. Na5 Ne7 22. Nxb7 1-0

[Event "Michigan Team"]
[Site "Ann Arbor, MI"]
[Date "1997.??.??"]
[Round "1.22"]
[White "Mahabir, Naresh"]
[Black "Wysocki, Jason"]
[Result "0-1"]
[WhiteElo "1605"]
[BlackElo "2175"]
[PlyCount "74"]
[EventDate "1997.??.??"]

{1/2} 1. e4 c5 2. Nf3 d6 3. d4 cxd4 4. Nxd4 Nf6 5. Nc3 g6 6. Be3 Bg7 7. Bd3 O-O
8. O-O Ng4 9. Qd2 Nxe3 10. Qxe3 Nc6 11. Nde2 Ne5 12. f4 Ng4 13. Qf3 Rb8 14.
Rad1 b5 15. a3 Qb6+ 16. Kh1 Ne3 17. Nd5 Nxd5 18. exd5 f5 19. c3 Bb7 20. c4 e5
21. Qf2 Qxf2 22. Rxf2 e4 23. Bc2 bxc4 24. Rd4 Bxd4 25. Nxd4 Bxd5 26. Rd2 Rxb2
27. Rd1 e3 28. Ba4 Rxg2 29. Rf1 e2 30. Nxe2 Rxe2+ 31. Kg1 Rg2+ 32. Kh1 Rb8 33.
Rd1 Rd2+ 34. Kg1 c3 35. Kf1 Rbb2 36. Ke1 Rxh2 37. Rxd5 Rh1# 0-1

[Event "Tecumseh (RVO/1/14)"]
[Site "?"]
[Date "1997.??.??"]
[Round "?"]
[White "Mahabir, Naresh"]
[Black "Steen, Harold"]
[Result "1-0"]
[WhiteElo "1605"]
[BlackElo "1755"]
[PlyCount "40"]
[EventDate "1997.??.??"]

{1/(14)} 1. e4 d6 2. d4 Nf6 3. Nc3 g6 4. f4 Bg7 5. Nf3 O-O 6. Bd3 Nbd7 7. O-O
Re8 8. e5 dxe5 9. fxe5 Ng4 10. h3 Nh6 11. Be3 Nb6 12. Qd2 Nf5 13. Rf2 Nxe3 14.
Qxe3 c6 15. Raf1 f6 16. Kh1 Be6 17. Ne2 Nd5 18. Qd2 Qc7 19. Nf4 Nxf4 20. Qxf4
Rad8 {[Remainder of scoresheet illegible]} 1-0

[Event "Michigan Team"]
[Site "Ann Arbor, MI"]
[Date "1997.??.??"]
[Round "2.12"]
[White "Mahabir, Naresh"]
[Black "Radovanovic, C."]
[Result "1-0"]
[WhiteElo "1605"]
[BlackElo "1605"]
[PlyCount "88"]
[EventDate "1997.??.??"]

{2/1} 1. e4 e6 2. d4 b6 3. Nc3 Bb7 4. Bd3 Nf6 5. Bg5 Be7 6. f3 O-O 7. Nge2 c5
8. Bxf6 Bxf6 9. d5 d6 10. O-O Nd7 11. f4 Qc7 12. Bc4 e5 13. f5 a6 14. a4 b5 15.
axb5 Nb6 16. b3 axb5 17. Nxb5 Qd7 18. Qd3 Nxc4 19. bxc4 Ba6 20. Nec3 Rfb8 21.
Ra5 Bxb5 22. Rxa8 Rxa8 23. Nxb5 g6 24. fxg6 Bg7 25. gxf7+ Kh8 26. Rf3 Ra1+ 27.
Kf2 h6 28. h3 Qe7 29. g3 Kh7 30. Rf5 Ra2 31. Ke3 Bf8 32. Qd1 Ra4 33. Kd3 Bg7
34. Qf3 Ra8 35. g4 Qd7 36. h4 Rf8 37. g5 Qd8 38. gxh6 Bxh6 39. Rh5 Rh8 40. Nc7
Qxc7 41. f8=Q Rxf8 42. Qxf8 Qg7 43. Qxg7+ Kxg7 44. Rf5 Kg6 1-0

[Event "Tecumseh (RVO/2/12)"]
[Site "?"]
[Date "1997.??.??"]
[Round "?"]
[White "Mahabir, Naresh"]
[Black "Gentry, Loyd"]
[Result "0-1"]
[WhiteElo "1605"]
[BlackElo "1685"]
[PlyCount "98"]
[EventDate "1997.??.??"]

{2/(12)} 1. e4 c5 2. Nf3 Nc6 3. d4 cxd4 4. Nxd4 Nf6 5. Nxc6 bxc6 6. e5 Nd5 7.
Bc4 e6 8. f4 Qb6 9. Qf3 Bb4+ 10. c3 Bc5 11. Nd2 Ba6 12. Bxa6 Qxa6 13. Ne4 Be7
14. b3 Rb8 15. c4 Nb4 16. O-O O-O 17. Qg3 f5 18. exf6 Bxf6 19. f5 Bxa1 20. f6
Bd4+ 21. Kh1 g6 22. Bh6 e5 23. Bxf8 Rxf8 24. Qf3 c5 25. Qh3 Qe6 26. Qh6 Rf7 27.
h3 Nxa2 28. Ng5 Qe8 29. Nxf7 Qxf7 30. Qh4 Nb4 31. Qe4 Nc6 32. g4 Bc3 33. Rf2 a5
34. Qd5 Qxd5+ 35. cxd5 Nd8 36. h4 Kf7 37. g5 d6 38. Kg2 Nb7 39. Kh3 c4 40. bxc4
Nc5 41. Ra2 a4 42. Rc2 Bb4 43. Rb2 a3 44. Ra2 Ne4 45. Kg4 Nc3 46. Ra1 a2 47. h5
Ba3 48. c5 dxc5 49. d6 Ke6 0-1

[Event "Tecumseh (RVO/5/22)"]
[Site "?"]
[Date "1997.??.??"]
[Round "?"]
[White "Mahabir, Naresh"]
[Black "Funderburg, James"]
[Result "1-0"]
[WhiteElo "1605"]
[BlackElo "1605"]
[PlyCount "46"]
[EventDate "1997.??.??"]

{5/(22)} 1. e4 e5 2. Nf3 Nc6 3. Bc4 Nf6 4. Nc3 Bb4 5. O-O O-O 6. Bb5 d6 7. Bxc6
bxc6 8. d3 Bg4 9. Bg5 h6 10. Bd2 Qd7 11. a3 Bc5 12. h3 Bxh3 13. gxh3 Qxh3 14.
Nh2 Qe6 15. Kg2 Nh7 16. Rg1 g5 17. Kf1 f5 18. Qh5 fxe4 19. Nxe4 Qf7 20. Qxf7+
Rxf7 21. Ke2 d5 22. Nxc5 Raf8 23. Raf1 Kg7 1-0

[Event "Lansing (MOR/2/7)"]
[Site "?"]
[Date "1997.??.??"]
[Round "?"]
[White "Mahabir, Jagdesh"]
[Black "Turkalo, A."]
[Result "1-0"]
[WhiteElo "1605"]
[BlackElo "1605"]
[PlyCount "85"]
[EventDate "1997.??.??"]

{2/(7)} 1. d4 Nf6 2. e3 e6 3. Bd3 c5 4. c3 Nc6 5. Nd2 b6 6. Ngf3 Bb7 7. O-O Be7
8. Qc2 Rc8 9. Re1 cxd4 10. exd4 Nb4 11. Qb1 Nxd3 12. Qxd3 O-O 13. Nc4 Ba6 14.
Nfe5 d5 15. Qg3 dxc4 16. Bh6 Ne8 17. Re4 Bf6 18. Ng4 Bg5 19. Bxg5 Qxg5 20. f4
Qg6 21. Qf2 Qxe4 22. Re1 Qg6 23. Ne5 Qf6 24. Re3 Qe7 25. Rh3 Nf6 26. Qh4 h6 27.
Ng4 Nxg4 28. Qxe7 Ra8 29. Rg3 h5 30. Qg5 g6 31. h3 Kg7 32. hxg4 f6 33. Qh4 Kf7
34. gxh5 gxh5 35. Qxh5+ Ke7 36. f5 e5 37. Rg7+ Kd6 38. dxe5+ fxe5 39. Qd1+ Kc6
40. Qd7+ Kc5 41. Qc7+ Kd5 42. Re7 Rxf5 43. Rd7+ 1-0

[Event "Kalamazoo (MI Am/4/15)"]
[Site "?"]
[Date "1997.??.??"]
[Round "?"]
[White "Mahabir, Jagdesh"]
[Black "Saenz, Scott"]
[Result "0-1"]
[WhiteElo "1605"]
[BlackElo "1605"]
[PlyCount "57"]
[EventDate "1997.??.??"]

{4/(15)} 1. d4 Nf6 2. e3 e6 3. Bd3 c5 4. c3 cxd4 5. exd4 Nc6 6. Nf3 d6 7. O-O
Be7 8. Bf4 O-O 9. Nbd2 a6 10. Qc2 h6 11. Rfe1 b5 12. a3 Bb7 13. h3 Rc8 14. Re3
Qb6 15. Nb3 a5 16. Qd2 b4 17. axb4 axb4 18. Bc2 bxc3 19. bxc3 Nd5 20. Rd3 Nxf4
21. Qxf4 Nb4 22. cxb4 Rxc2 23. Ra5 Bxf3 24. Rxf3 d5 25. Ra3 Qxb4 26. Nc5 Bg5
27. Qc7 Rc1+ 28. Kh2 Qxd4 29. Qa7 {[Remainder illegible]} 0-1

[Event "Lansing (MOR/4/12)"]
[Site "?"]
[Date "1997.??.??"]
[Round "?"]
[White "Mahabir, Jagdesh"]
[Black "Rotberg, Victor"]
[Result "0-1"]
[WhiteElo "1605"]
[BlackElo "1710"]
[PlyCount "110"]
[EventDate "1997.??.??"]

{4/(12)} 1. d4 Nf6 2. e3 e6 3. Bd3 Be7 4. f4 b6 5. Nf3 Bb7 6. O-O O-O 7. Re1 d6
8. e4 Nbd7 9. e5 dxe5 10. fxe5 Nd5 11. a3 c5 12. c3 cxd4 13. cxd4 Rc8 14. Nbd2
Nf4 15. Ne4 Nxd3 16. Qxd3 Nc5 17. Nxc5 Bxc5 18. Ng5 Qxd4+ 19. Qxd4 Bxd4+ 20.
Kh1 Rc2 21. Nf3 Bxb2 22. Bxb2 Rxb2 23. Red1 Bd5 24. Rdc1 g5 25. h3 h5 26. Rc3
Kg7 27. Rf1 b5 28. Ne1 h4 29. Rf6 Re2 30. Nf3 Bxf3 31. Rfxf3 Rxe5 32. Rc7 a5
33. Ra7 b4 34. axb4 axb4 35. Rb7 Re4 36. Kg1 Kg6 37. Kf2 f5 38. Re3 Rxe3 39.
Kxe3 Rd8 40. Rxb4 Kf6 41. Rb5 Rd5 42. Rb8 f4+ 43. Ke4 Re5+ 44. Kf3 Re3+ 45. Kf2
Kf5 46. Rf8+ Ke4 47. Rg8 Rg3 48. Rg6 e5 49. Rd6 f3 50. gxf3+ Rxf3+ 51. Kg2 Rg3+
52. Kh2 Ke3 53. Ra6 e4 54. Ra3+ Kf4 55. Ra4 Kf3 0-1

[Event "Lansing (MOR/7/10)"]
[Site "?"]
[Date "1997.??.??"]
[Round "?"]
[White "Mahabir, Jagdesh"]
[Black "Matias, I.C."]
[Result "1-0"]
[WhiteElo "1605"]
[BlackElo "1685"]
[PlyCount "50"]
[EventDate "1997.??.??"]

{7/(10)} 1. d4 Nf6 2. e3 d5 3. Bd3 e6 4. Nd2 c5 5. c3 Nc6 6. Ngf3 Bd6 7. b3 O-O
8. Bb2 Re8 9. O-O e5 10. dxe5 Nxe5 11. Nxe5 Bxe5 12. h3 Bc7 13. Nf3 b6 14. c4
Bb7 15. Be2 Qd6 16. Bxf6 gxf6 17. cxd5 Bxd5 18. Bb5 Rf8 19. Bc4 Bxf3 20. Qxd6
Bxd6 21. gxf3 Rad8 22. Rfd1 Bc7 23. Kf1 Rxd1+ 24. Rxd1 Rd8 25. Rxd8+ Bxd8 {
[Remainder of scoresheet illegible]} 1-0